Пора заняться технологическием процессом; Методы менеджмента качества; № 9

Dades bibliogràfiques
Parent link:Методы менеджмента качества: научно-технический журнал/ Всероссийская организация качества (ВОК).— , 1999-.— 0130-6898
№ 9.— 2004.— С. 34-39
Autor principal: Розно М. И.
Altres autors: Шинко Л. В.
Idioma:rus
Publicat: 2004
Col·lecció:Статистическое мышление
Matèries:
Format: Capítol de llibre
KOHA link:https://koha.lib.tpu.ru/cgi-bin/koha/opac-detail.pl?biblionumber=394689

MARC

LEADER 00000naa2a2200000 4500
001 394689
005 20231101064528.0
035 |a (RuTPU)RU\TPU\prd\31579 
090 |a 394689 
100 |a 20050112a2004 k y0rusy50 ca 
101 0 |a rus 
102 |a RU 
200 1 |a Пора заняться технологическием процессом  |f М. И. Розно, Л. В. Шинко 
225 1 |a Статистическое мышление 
311 |a Продолжение. Начало см.: ММК.- 2004.- № 7, 8. 
320 |a Библиогр.: 12 назв. 
461 1 |0 (RuTPU)RU\TPU\prd\1635  |x 0130-6898  |t Методы менеджмента качества  |o научно-технический журнал  |f Всероссийская организация качества (ВОК)  |d 1999- 
463 1 |0 (RuTPU)RU\TPU\prd\28359  |t № 9  |v С. 34-39  |d 2004 
610 1 |a технологические процессы 
610 1 |a контрольные карты Шухарта 
610 1 |a применение 
610 1 |a анализ 
610 1 |a ключевые показатели продукции 
610 1 |a периодичность 
700 1 |a Розно  |b М. И. 
701 1 |a Шинко  |b Л. В. 
801 1 |a RU  |b 63413507  |c 20050112  |g PSBO 
801 2 |a RU  |b 63413507  |c 20130520  |g RCR 
942 |c BK